000 00343nam a2200133Ia 4500
008 231217s9999 xx 000 0 und d
041 _aEnglish
082 _a621.381952 LAL;1
100 _aLala, Parag K
245 0 _aFault tolerant and fault testable hardware design
260 _cNULL
_bPHI
650 _aHardware,computer
942 _cAA
999 _c164958
_d164958